"Who am i?" - identity as a reflection of modern times

Definícia identity. Diachronický a synchronický prístup. Dve otázky namiesto jednej.

Saved in:
Bibliographic Details
Main Author: Hrivíková, Tatiana, 1959-
Format: Book Chapter
Language:English
Subjects:
Tags: Add Tag
No Tags, Be the first to tag this record!

MARC

LEADER 00000nla a2200000 4500
001 0200436
005 20240502083509.6
041 0 |a eng 
044 |a HU 
245 1 0 |a "Who am i?" - identity as a reflection of modern times  |c Tatiana Hrivíková 
520 |a Definícia identity. Diachronický a synchronický prístup. Dve otázky namiesto jednej. 
610 2 0 |a identita 
610 2 0 |a psychológia sociálna 
610 2 0 |a správanie 
610 2 0 |a komunikácia 
100 1 |a Hrivíková, Tatiana, 1959-